[Event "Drienica Saris op"]
[Site "Drienica"]
[Date "2020.08.08"]
[Round "2"]
[White "Kucik, Patrik"]
[Black "Geffert, Peter"]
[Result "1/2-1/2"]
[WhiteElo "1561"]
[BlackElo "1857"]
[PlyCount "108"]
[EventDate "2020.08.07"]
[EventType "swiss"]
[EventRounds "9"]
[EventCountry "SVK"]
[SourceTitle "CBM 197 Extra"]
[Source "ChessBase"]
[SourceDate "2020.09.30"]
[SourceVersion "1"]
[SourceVersionDate "2020.09.30"]
[SourceQuality "1"]

1. d4 d5 2. c4 e6 3. Nc3 Nf6 4. Bg5 Be7 5. e3 0-0 6. Nf3 Nbd7 7. Bd3 h6 8. Bh4 b6 9. Rc1 c5 10. cxd5 Nxd5 11. Bxe7 Qxe7 12. 0-0 Bb7 13. Nxd5 exd5 14. Re1 c4 15. Bb1 b5 16. Qc2 g6 17. a3 a5 18. h3 Rfe8 19. Qd2 Kg7 20. Nh2 Nf6 21. Nf3 Ne4 22. Bxe4 Qxe4 23. Ne5 f6 24. Nd7 Bc6 25. Nc5 Qe7 26. Qc2 Qd6 27. Qe2 Bd7 28. Qf3 Bf5 29. Qd1 g5 30. Qh5 Bg6 31. Qf3 Re7 32. Qd1 Rh8 33. Qd2 Qc7 34. Qd1 h5 35. Qe2 h4 36. Qg4 Kh6 37. Qf3 Qd6 38. Qd1 Rg8 39. Qd2 Qc7 40. Ra1 Bf5 41. Rac1 Kh7 42. f3 Bc8 43. e4 dxe4 44. Rxe4 Rge8 45. Rce1 Rxe4 46. Rxe4 Rxe4 47. Nxe4 Kg7 48. d5 Qb6+ 49. Kh1 Bd7 50. d6 Kf7 51. Qc3 Qd8 52. Qd4 Bc6 53. Qa7+ Qd7 54. Qd4 Bxe4 1/2-1/2

[Event "SVK-chT2B 1819"]
[Site "Slovakia"]
[Date "2019.03.02"]
[Round "8.7"]
[White "Kvassay, Peter"]
[Black "Geffert, Peter"]
[Result "1-0"]
[WhiteElo "1982"]
[BlackElo "1896"]
[PlyCount "65"]
[EventDate "2018.10.13"]
[EventType "team-tourn"]
[EventRounds "11"]
[EventCountry "SVK"]
[SourceTitle "CBM 189 Extra"]
[Source "ChessBase"]
[SourceDate "2019.06.03"]
[SourceVersion "1"]
[SourceVersionDate "2019.06.03"]
[SourceQuality "1"]
[WhiteTeam "Povazska Bystrica"]
[BlackTeam "Levice"]
[WhiteTeamCountry "SVK"]
[BlackTeamCountry "SVK"]

1. g3 c5 2. Bg2 Nc6 3. c4 Nf6 4. Nc3 g6 5. Rb1 Bg7 6. e3 0-0 7. Nge2 e6 8. 0-0 d5 9. d3 Qd7 10. b3 b6 11. d4 cxd4 12. exd4 Bb7 13. Ba3 Rfd8 14. cxd5 Nxd5 15. Nxd5 exd5 16. Nf4 Nxd4 17. Bh3 f5 18. Re1 Rac8 19. Re7 Qc6 20. Rxg7+ Kxg7 21. Qxd4+ Kf7 22. Bb2 Rg8 23. Bg2 Rcd8 24. Rc1 Qd6 25. Rd1 g5 26. Nd3 Ke7 27. Ne5 Qc5 28. Qd3 Rgf8 29. b4 Qc7 30. b5 Ke6 31. Re1 Kf6 32. Nd7+ Kf7 33. Qxf5+ 1-0

[Event "SVK-chT2B 1617"]
[Site "Slovakia"]
[Date "2016.10.08"]
[Round "1.7"]
[White "Vanya, Attila"]
[Black "Geffert, Peter"]
[Result "1-0"]
[WhiteElo "1788"]
[BlackElo "1900"]
[PlyCount "49"]
[EventDate "2016.10.08"]
[EventType "team-tourn"]
[EventRounds "11"]
[EventCountry "SVK"]
[SourceTitle "CBM 175 Extra"]
[Source "ChessBase"]
[SourceDate "2016.12.12"]
[SourceVersion "1"]
[SourceVersionDate "2016.12.12"]
[SourceQuality "1"]
[WhiteTeam "Nove Zamky"]
[BlackTeam "Levice"]
[WhiteTeamCountry "SVK"]
[BlackTeamCountry "SVK"]

1. e4 c5 2. d4 cxd4 3. c3 Nc6 4. Nf3 d5 5. exd5 Qxd5 6. cxd4 Nf6 7. Nc3 Qd8 8. d5 Nb8 9. Bf4 Bd7 10. Bc4 g6 11. Qb3 Qb6 12. Qxb6 axb6 13. 0-0 Bg7 14. Rfe1 0-0 15. Rxe7 b5 16. Bb3 b4 17. Ne2 Na6 18. Ned4 Nc5 19. Rd1 Nxb3 20. Nxb3 Rxa2 21. Nc5 Nxd5 22. Rxd5 Be6 23. Rd1 Rxb2 24. Nxe6 fxe6 25. Rxg7+ 1-0

[Event "SVK-chT2B 1516"]
[Site "Slovakia"]
[Date "2016.03.12"]
[Round "10.5"]
[White "Viczencz, Peter"]
[Black "Geffert, Peter"]
[Result "1/2-1/2"]
[WhiteElo "1892"]
[BlackElo "1935"]
[PlyCount "31"]
[EventDate "2015.10.17"]
[EventType "team-tourn"]
[EventRounds "11"]
[EventCountry "SVK"]
[SourceTitle "EXT 2019"]
[Source "ChessBase"]
[SourceDate "2018.10.10"]
[SourceVersion "1"]
[SourceVersionDate "2018.10.10"]
[SourceQuality "1"]
[WhiteTeam "Komarno KSC"]
[BlackTeam "Levice"]
[WhiteTeamCountry "SVK"]
[BlackTeamCountry "SVK"]

1. e4 c5 2. Nf3 d6 3. d4 cxd4 4. Nxd4 Nf6 5. Nc3 a6 6. f3 e5 7. Nb3 Be6 8. Be3 Be7 9. Bd3 0-0 10. 0-0 Nc6 11. Nd5 Bxd5 12. exd5 Nb4 13. Be4 a5 14. c3 Na6 15. a4 b6 16. Qe2 1/2-1/2

[Event "SVK-chT2B 1516"]
[Site "Slovakia"]
[Date "2016.01.24"]
[Round "7.5"]
[White "Hrstka, Samuel"]
[Black "Geffert, Peter"]
[Result "1-0"]
[WhiteElo "1861"]
[BlackElo "1957"]
[PlyCount "63"]
[EventDate "2015.10.17"]
[EventType "team-tourn"]
[EventRounds "11"]
[EventCountry "SVK"]
[SourceTitle "EXT 2019"]
[Source "ChessBase"]
[SourceDate "2018.10.10"]
[SourceVersion "1"]
[SourceVersionDate "2018.10.10"]
[SourceQuality "1"]
[WhiteTeam "Topolciansky CVC II"]
[BlackTeam "Levice"]
[WhiteTeamCountry "SVK"]
[BlackTeamCountry "SVK"]

1. e4 c5 2. Nf3 d6 3. d4 cxd4 4. Nxd4 Nf6 5. Nc3 a6 6. Be3 e6 7. f3 Be7 8. Qd2 0-0 9. 0-0-0 Qc7 10. g4 Nc6 11. h4 Rd8 12. h5 b5 13. g5 Ne8 14. f4 Bd7 15. Rg1 Rdc8 16. Kb1 b4 17. Nce2 e5 18. Nf5 Bxf5 19. exf5 a5 20. f6 Bf8 21. Bh3 a4 22. Bxc8 Rxc8 23. fxg7 Bxg7 24. g6 Na5 25. gxf7+ Kxf7 26. fxe5 Bxe5 27. Qd5+ Ke7 28. Bg5+ Nf6 29. Bxf6+ Bxf6 30. Qe4+ Kf8 31. Nd4 Qd7 32. Rdf1 1-0

[Event "SVK-chT2B 1516"]
[Site "Slovakia"]
[Date "2015.12.05"]
[Round "5.6"]
[White "Geffert, Peter"]
[Black "Kuna, Martin"]
[Result "1-0"]
[WhiteElo "1937"]
[BlackElo "1796"]
[PlyCount "131"]
[EventDate "2015.10.17"]
[EventType "team-tourn"]
[EventRounds "11"]
[EventCountry "SVK"]
[SourceTitle "EXT 2019"]
[Source "ChessBase"]
[SourceDate "2018.10.10"]
[SourceVersion "1"]
[SourceVersionDate "2018.10.10"]
[SourceQuality "1"]
[WhiteTeam "Levice"]
[BlackTeam "Tlmace NSK"]
[WhiteTeamCountry "SVK"]
[BlackTeamCountry "SVK"]

1. e4 c5 2. Nf3 d6 3. d4 cxd4 4. Nxd4 Nf6 5. Nc3 a6 6. a4 Nc6 7. Be2 e6 8. 0-0 Be7 9. Kh1 0-0 10. f4 Bd7 11. Nb3 Nb4 12. Bf3 Bc6 13. Be3 d5 14. e5 Nd7 15. a5 Rc8 16. Ne2 Bb5 17. c3 Nd3 18. Qd2 N3c5 19. Nbd4 Bc4 20. b4 Nb3 21. Nxb3 Bxb3 22. Nd4 Bc4 23. Rfe1 Qc7 24. Bg4 Rfe8 25. Qf2 Bf8 26. Bd2 Bd3 27. Re3 Bg6 28. Rh3 Qc4 29. f5 exf5 30. Bxf5 Nxe5 31. Bxc8 Qxc8 32. Re3 Nd3 33. Qe2 Rxe3 34. Qxe3 Be4 35. Qg3 Qd7 36. Bf4 Nxf4 37. Qxf4 Bd6 38. Qh4 Be7 39. Qf4 Bd6 40. Qh4 Be7 41. Qf2 Bd6 42. Rf1 f6 43. Qe2 h6 44. Rd1 Qh3 45. Nf3 Bxf3 46. gxf3 Bxh2 47. Rxd5 Be5+ 48. Kg1 Qg3+ 49. Kf1 Qh3+ 50. Ke1 Bxc3+ 51. Kd1 Bxb4 52. Rd8+ Bf8 53. Qc4+ Kh7 54. Qd3+ Kg8 55. Qd5+ Kh7 56. Rxf8 Qf1+ 57. Kc2 Qf2+ 58. Kd3 Qf1+ 59. Ke4 Qb1+ 60. Qd3 f5+ 61. Rxf5 Qe1+ 62. Kf4 Qh4+ 63. Ke5 Qe7+ 64. Kd5 Qd7+ 65. Ke4 Qa4+ 66. Ke3 1-0

[Event "SVK-chT2B 1516"]
[Site "Slovakia"]
[Date "2015.11.08"]
[Round "4.5"]
[White "Geffert, Peter"]
[Black "Masarik, Drahoslav"]
[Result "1/2-1/2"]
[WhiteElo "1934"]
[BlackElo "2039"]
[PlyCount "23"]
[EventDate "2015.10.17"]
[EventType "team-tourn"]
[EventRounds "11"]
[EventCountry "SVK"]
[SourceTitle "EXT 2019"]
[Source "ChessBase"]
[SourceDate "2018.10.10"]
[SourceVersion "1"]
[SourceVersionDate "2018.10.10"]
[SourceQuality "1"]
[WhiteTeam "Levice"]
[BlackTeam "Trencin PK"]
[WhiteTeamCountry "SVK"]
[BlackTeamCountry "SVK"]

1. e4 c6 2. d4 d5 3. Nc3 dxe4 4. Nxe4 Bf5 5. Ng3 Bg6 6. Nf3 Nd7 7. Bd3 Bxd3 8. Qxd3 Ngf6 9. 0-0 e6 10. Re1 Be7 11. c4 Qc7 12. b3 1/2-1/2

[Event "SVK-chT2B 1415"]
[Site "Slovakia"]
[Date "2014.10.11"]
[Round "1.1"]
[White "Belak, Stefan"]
[Black "Geffert, Peter"]
[Result "1/2-1/2"]
[WhiteElo "1998"]
[BlackElo "1924"]
[PlyCount "86"]
[EventDate "2014.10.11"]
[EventType "team-tourn"]
[EventRounds "11"]
[EventCountry "SVK"]
[SourceTitle "EXT 2019"]
[Source "ChessBase"]
[SourceDate "2018.10.10"]
[SourceVersion "1"]
[SourceVersionDate "2018.10.10"]
[SourceQuality "1"]
[WhiteTeam "Povazska Bystrica SKS II"]
[BlackTeam "Levice"]
[WhiteTeamCountry "SVK"]
[BlackTeamCountry "SVK"]

1. c4 c5 2. Nf3 Nc6 3. Nc3 Nf6 4. g3 e6 5. Bg2 Be7 6. 0-0 d5 7. cxd5 exd5 8. d4 0-0 9. h3 Be6 10. Be3 c4 11. b3 cxb3 12. axb3 a6 13. Qb1 Bd6 14. Ng5 Nb4 15. Nxe6 fxe6 16. f4 Rc8 17. Bd2 Nh5 18. Rf3 Qf6 19. e3 Rc7 20. Kh1 g5 21. g4 Ng7 22. Qg1 gxf4 23. exf4 Nc2 24. Ra4 Bb4 25. Nxd5 exd5 26. Bxb4 Nxb4 27. Rxb4 b5 28. Qe1 Re8 29. Re3 Rce7 30. Re5 Kf8 31. Bxd5 Qxf4 32. Bg2 Rxe5 33. dxe5 Qxe5 34. Re4 Qd6 35. Qf2+ Kg8 36. Rxe8+ Nxe8 37. Qf5 Qd1+ 38. Kh2 Qd6+ 39. Kg1 Nf6 40. g5 Qd1+ 41. Kh2 Qd6+ 42. Kh1 Qd1+ 43. Kh2 Qd6+ 1/2-1/2

[Event "SVK-chT2C 10/11"]
[Site "Slovakia"]
[Date "2011.01.08"]
[Round "5.1"]
[White "Uhrincat, Ivan"]
[Black "Geffert, Peter"]
[Result "1/2-1/2"]
[WhiteElo "2069"]
[BlackElo "1917"]
[PlyCount "48"]
[EventDate "2010.10.23"]
[EventType "team-tourn"]
[EventRounds "11"]
[EventCountry "SVK"]
[SourceTitle "EXT 2019"]
[Source "ChessBase"]
[SourceDate "2018.10.10"]
[SourceVersion "1"]
[SourceVersionDate "2018.10.10"]
[SourceQuality "1"]
[WhiteTeam "Banska Bystrica Kurta"]
[BlackTeam "Banska Bystrica CVC"]
[WhiteTeamCountry "SVK"]
[BlackTeamCountry "SVK"]

1. d4 d5 2. c4 e6 3. Nc3 Nf6 4. cxd5 exd5 5. Bg5 c6 6. e3 h6 7. Bxf6 Qxf6 8. Bd3 Bf5 9. Qb3 b6 10. Bxf5 Qxf5 11. Nge2 Bd6 12. Rc1 0-0 13. Ng3 Bxg3 14. hxg3 Nd7 15. Ne2 c5 16. g4 Qg5 17. Nf4 cxd4 18. Qxd5 dxe3 19. Qxg5 exf2+ 20. Kxf2 hxg5 21. Nd5 g6 22. Rc7 Ne5 23. Kg3 Rfd8 24. Rd1 Kg7 1/2-1/2

[Event "SVK-chT2C 0708"]
[Site "Slovakia"]
[Date "2008.02.02"]
[Round "8.3"]
[White "Trangos, Miroslav"]
[Black "Geffert, Peter"]
[Result "0-1"]
[WhiteElo "1643"]
[BlackElo "1882"]
[PlyCount "82"]
[EventDate "2007.10.06"]
[EventType "team-tourn"]
[EventRounds "11"]
[EventCountry "SVK"]
[SourceTitle "EXT 2010"]
[Source "ChessBase"]
[SourceDate "2010.11.25"]
[SourceVersion "1"]
[SourceVersionDate "2010.11.25"]
[SourceQuality "1"]
[WhiteTeam "Podbrezova ZP Sport"]
[BlackTeam "Banska Bystrica CVC"]
[WhiteTeamCountry "SVK"]
[BlackTeamCountry "SVK"]

1. d4 d5 2. Bg5 h6 3. Bh4 c5 4. c3 Qb6 5. Qd2 e6 6. e3 Bd6 7. Ne2 Ne7 8. Nc1 Nf5 9. dxc5 Bxc5 10. Bg3 Nxg3 11. hxg3 Nd7 12. Nb3 Nf6 13. Nxc5 Qxc5 14. Qd4 b6 15. Nd2 Bb7 16. Qxc5 bxc5 17. Bb5+ Ke7 18. f3 Rhd8 19. Nb3 Rac8 20. Rd1 Bc6 21. Ba6 Rb8 22. Nxc5 Rxb2 23. Rd2 Rb1+ 24. Rd1 Rdb8 25. 0-0 R1b2 26. a4 Rc2 27. Rc1 Rbb2 28. Rxc2 Rxc2 29. c4 dxc4 30. e4 Kd6 31. Nb7+ Bxb7 32. Bxb7 c3 33. Ba6 Kc5 34. Bb5 Rd2 35. Rc1 c2 36. Kh2 Kd4 37. a5 Kc3 38. Ba4 Kb2 39. Rxc2+ Rxc2 40. Bxc2 Kxc2 41. a6 Nd7 0-1

[Event "SVK-chT2C 0708"]
[Site "Slovakia"]
[Date "2008.01.12"]
[Round "7.2"]
[White "Rossa, Jozef"]
[Black "Geffert, Peter"]
[Result "1/2-1/2"]
[WhiteElo "1811"]
[BlackElo "1882"]
[PlyCount "22"]
[EventDate "2007.10.06"]
[EventType "team-tourn"]
[EventRounds "11"]
[EventCountry "SVK"]
[SourceTitle "EXT 2010"]
[Source "ChessBase"]
[SourceDate "2010.11.25"]
[SourceVersion "1"]
[SourceVersionDate "2010.11.25"]
[SourceQuality "1"]
[WhiteTeam "Banska Bystrica Kurta"]
[BlackTeam "Banska Bystrica CVC"]
[WhiteTeamCountry "SVK"]
[BlackTeamCountry "SVK"]

1. e4 c5 2. Nf3 Nc6 3. d4 cxd4 4. Nxd4 Nf6 5. Nc3 a6 6. Be2 d6 7. Be3 e6 8. 0-0 Be7 9. a3 Qc7 10. f4 0-0 11. Qe1 b5 1/2-1/2

[Event "SVK-chT2C 0708"]
[Site "Slovakia"]
[Date "2007.11.04"]
[Round "4.4"]
[White "Ambrozi, Peter"]
[Black "Geffert, Peter"]
[Result "1-0"]
[WhiteElo "2016"]
[BlackElo "1882"]
[PlyCount "93"]
[EventDate "2007.10.06"]
[EventType "team-tourn"]
[EventRounds "11"]
[EventCountry "SVK"]
[SourceTitle "EXT 2010"]
[Source "ChessBase"]
[SourceDate "2010.11.25"]
[SourceVersion "1"]
[SourceVersionDate "2010.11.25"]
[SourceQuality "1"]
[WhiteTeam "Dolny Kubin"]
[BlackTeam "Banska Bystrica CVC"]
[WhiteTeamCountry "SVK"]
[BlackTeamCountry "SVK"]

1. e4 c5 2. Nc3 Nc6 3. g3 Nf6 4. Bg2 g6 5. Nge2 Bg7 6. 0-0 0-0 7. d3 a6 8. a4 d6 9. h3 Bd7 10. Be3 Rb8 11. Qd2 Qc8 12. Kh2 b5 13. axb5 axb5 14. d4 b4 15. Na4 cxd4 16. Nxd4 Ne5 17. b3 Bc6 18. f4 Nxe4 19. Bxe4 Bxe4 20. fxe5 dxe5 21. Ne2 Qxc2 22. Nc5 Rfd8 23. Qxc2 Bxc2 24. Kg2 e4 25. Ra7 Bxb3 26. Nxb3 Rd3 27. Bf4 e5 28. Nec1 exf4 29. Nxd3 f3+ 30. Kf2 exd3 31. Ke3 Rd8 32. Kxf3 d2 33. Ke2 Bc3 34. Re7 f5 35. Rd1 Kf8 36. Rxh7 Re8+ 37. Kd3 Re1 38. Kc2 Re3 39. Nxd2 Rxg3 40. Nb1 Bf6 41. Rb7 Rxh3 42. Rxb4 Kg7 43. Rb7+ Kh6 44. Rb6 Ba1 45. Rg1 Rh2+ 46. Nd2 Bd4 47. Rbxg6+ 1-0